000 01026nam a22002297a 4500
005 20110209120154.0
008 110209t xxu||||| |||| 00| 0 mar d
010 _aMAR-20553
020 _a9788174981226
_c250.00
035 _aMR-13211
037 _bDBAD / PUB
040 _aDPL
_bMR
082 _a891.463
100 _925775
_aद्वादशीवार,सुरेश
245 _aकोsहम् /
_cसुरेश द्वादशीवार
246 _aKohaam
_bby Suresh Dawadashivar
260 _aनागपूर
_bविजय प्रकाशन
_c2010
270 _aहनुमान गल्ली,सीताबर्डी
_bनागपूर
_e440012
_k0712-2530539
300 _a209पृ
_b21सेमी(अजिल्द)
942 _2ddc
_cMR
_h891.463
_mद्वादशी
999 _c50394
_d50394